Between Oxus and Jumna / (Record no. 186167)
[ view plain ]
| 000 -LEADER | |
|---|---|
| fixed length control field | 01571 a2200169 4500 |
| 003 - CONTROL NUMBER IDENTIFIER | |
| control field | NUST |
| 005 - DATE AND TIME OF LATEST TRANSACTION | |
| control field | 20230126121123.0 |
| 040 ## - CATALOGING SOURCE | |
| Transcribing agency | Nust |
| 082 ## - DEWEY DECIMAL CLASSIFICATION NUMBER | |
| Classification number | 909,TOY |
| 100 ## - MAIN ENTRY--PERSONAL NAME | |
| Personal name | Toynbee, Arnold J |
| 9 (RLIN) | 6611 |
| 245 ## - TITLE STATEMENT | |
| Title | Between Oxus and Jumna / |
| Statement of responsibility, etc. | Arnold j Toynbee |
| 260 ## - PUBLICATION, DISTRIBUTION, ETC. | |
| Place of publication, distribution, etc. | London |
| Name of publisher, distributor, etc. | Oxford press |
| Date of publication, distribution, etc. | 1961 |
| 300 ## - PHYSICAL DESCRIPTION | |
| Extent | 210:p.; |
| 505 ## - FORMATTED CONTENTS NOTE | |
| Formatted contents note | The Old World’s Eastern Roundabout (Page-1), To New Delhi by Jet (Page-11), Multan (Page-14), The Seven Climes (Page-16), Hazara (Page-19), The Indus in Fetters (Page-21), A Tell like Jericho v24), To the Indus in Alexander’s Tracks (Page-27), Two forts a Day (Page-31), Forts and Huts (Page-33), The Man who Dared (Page-35), World’s End (Page-37), Mewar (Page-40), Catching the Bus (Page-43), Through the Looking Glass (Page-46), The Paropanisadae (Page-51), The Arachosian Corridor (Page-53), A Human Wateshed (Page-56), Qandahar (Page-59), Maiwand (Page-64), Lashkari Bazar (Page-66), Heart (Page-73), Crossing the Doabi (Page-80), The Dasht-i-leili (Page-90), Balkh (Page-92), Sighting the Oxus (Page-97), Surkh Kotal (Page-105), Bamian (Page-111), Re-Crossing the Hindu Kush (Page-116), Feet Versus Wheels (Page-119), The Minar-i-Chakri (Page-121), Watersmeet (Page-125), Coming Down (Page-129), Happy the Country (Page-131),The Jeep road to the Roof of the World (Page-134), Ten Miles short of Chitral (Page-136), Dir and Swat (Page-144), Razmak and After (Page-151), Where four Roads Meet (Page-165), Baluchistan (Page-172), The Roundabout in Retrospect (Page-180). |
| 650 ## - SUBJECT ADDED ENTRY--TOPICAL TERM | |
| Topical term or geographic name entry element | Oxus |
| 9 (RLIN) | 107749 |
| 942 ## - ADDED ENTRY ELEMENTS (KOHA) | |
| Source of classification or shelving scheme | |
| Koha item type | Book |
| Call number prefix | 909,TOY |
| Withdrawn status | Lost status | Source of classification or shelving scheme | Damaged status | Not for loan | Permanent Location | Current Location | Shelving location | Date acquired | Full call number | Barcode | Date last seen | Price effective from | Koha item type | Public note |
|---|---|---|---|---|---|---|---|---|---|---|---|---|---|---|
| Military College of Signals (MCS) | Military College of Signals (MCS) | General Stacks | 12/12/2016 | 909 ,TOY | MCS21536 | 12/08/2016 | 12/12/2016 | Book | Almirah No.58, Shelf No.4 |
